Najwiecej asyst w historii Ligi Mistrzów - Statystyki

Ogólne statystyki
  • Ten quiz został rozwiązany 414 razy
  • Średni wynik to 3 z 5
Statystyki odpowiedzi
Ilość Piłkarz % Poprawnych
31 Lionel Messi
99%
40 C. Ronaldo
92%
22 Karim Benzema
46%
30 Ryan Giggs
23%
22 Z. Ibrahimović
17%
Nie znaleziono quizów pasujących do podanych kryteriów
Rozkład punktacji
Procent ludzi z każdym wynikiem
Percentyl według liczby udzielonych odpowiedzi
Twoja historia wyników
Nie rozwiązałeś tego quizu